El hombre invisible /

Herbert George Wells utiliza sus fantasías científicas para criticar -siguiendo la tradición de Swift- las instituciones y debilidades humanas. El hombre invisible nos muestra las contradicciones de un joven y brillante científico que, tras largas jornadas de agotadores experimentos, descubre la for...

Descripción completa

Guardado en:
Autor Principal: Wells, Herbert George.
Otros Autores: Serna, Julio Gómez de la; trad., Bértolo Cadenas, Constantino; ap., Strimpl, Louis; il.
Formato: Libro
Idioma:Undetermined
Publicado: Madrid : Hyspamérica : Anaya, 1983.
Edición:1a ed.
Series:Mis libros. Ciencia ficción
Materias:
Etiquetas: Agregar Etiqueta
Sin Etiquetas, Sea el primero en etiquetar este registro!
LEADER 01482nam a22002415a 4500
001 CEM.cems024950
008 251022s1983####sp############000#0#und#d
005 20251022155554.0
245 1 0 |a El hombre invisible /  |c H. G. Wells ; traducción Julio Gómez de la Serna ; apéndice Constantino Bértolo Cadenas ; ilustración Louis Strimpl. 
250 |a 1a ed. 
260 |a Madrid :  |b Hyspamérica :  |b Anaya,  |c 1983. 
300 |a 254 p. 
490 1 |a Mis libros. Ciencia ficción 
520 |a Herbert George Wells utiliza sus fantasías científicas para criticar -siguiendo la tradición de Swift- las instituciones y debilidades humanas. El hombre invisible nos muestra las contradicciones de un joven y brillante científico que, tras largas jornadas de agotadores experimentos, descubre la forma de hacerse invisible. Sin embargo, trastornado por los sufrimientos y el acoso a que se ve sometido, abandona todo escrúpulo y trata de emplear su descubrimiento para enriquecerse y dominar, sin detenerse ante la violencia y el engaño. Novela fantástica y un tanto amarga, subraya los peligros de la ciencia y la hostilidad del medio. 
020 |a 8475250963 
100 1 |a Wells, Herbert George. 
700 1 |a Serna, Julio Gómez de la; trad. 
700 1 |a Bértolo Cadenas, Constantino; ap. 
700 1 |a Strimpl, Louis; il. 
653 |a Literatura inglesa 
653 |a Novela inglesa 
653 |a Ciencia ficción 
859 |a CEMS  |b BIB. CEMS - 11 de abril  |h 823.8  |i W462-1  |p 30470.25  |t Ej.1